[Event "Santo Domingo Regional-ch"]
[Site "Santo Domingo"]
[Date "2016.03.12"]
[Round "2"]
[White "Lugo Matos, Richards Reynier"]
[Black "Marquez Moya, Eddy"]
[Result "1-0"]
[WhiteElo "2177"]
[BlackElo "2028"]
[PlyCount "87"]
[EventDate "2016.03.11"]
[EventType "swiss"]
[EventRounds "7"]
[EventCountry "DOM"]
[SourceTitle "EXT 2017"]
[Source "ChessBase"]
[SourceDate "2016.10.25"]
[SourceVersion "1"]
[SourceVersionDate "2016.10.25"]
[SourceQuality "1"]

1. e4 c5 2. Nf3 e6 3. c4 Nc6 4. d4 cxd4 5. Nxd4 Nxd4 6. Qxd4 Ne7 7. Nc3 Nc6 8. Qe3 a6 9. Qg3 Nb4 10. Bd3 Nxd3+ 11. Qxd3 Bc5 12. 0-0 0-0 13. e5 Qc7 14. Bf4 f6 15. Qg3 fxe5 16. Bxe5 d6 17. Bf4 e5 18. Bd2 Be6 19. b3 Bd4 20. Rac1 Qd7 21. Ne2 Ba7 22. Be3 Bb8 23. Nc3 Qc6 24. Rfd1 Bc7 25. Nd5 Bd8 26. a4 Rf7 27. Nb4 Qe4 28. Bg5 h6 29. Qe3 Qf5 30. Bxd8 Rxd8 31. Rd2 a5 32. Nd5 Bxd5 33. Rxd5 Rf6 34. Rxa5 Rg6 35. Rd5 Rf8 36. Rcd1 Rff6 37. g3 h5 38. c5 dxc5 39. Rxe5 Qg4 40. Rd8+ Kh7 41. Ree8 Rg5 42. Rh8+ Kg6 43. Qe8+ Rf7 44. Rd6+ 1-0